000 00722nam a2200181 i 4500
001 102053
003 ES-MaACL
005 20230906183034.0
007 t|
008 051103s1930 sp ||||1| spa d
110 2 _aComisión asesora con caracter de Junta reguladora e inspectora de la industria del cemento (España)
_93871
245 1 0 _aMemoria correspondiente al año 1929 /
_cComisión asesora con caracter de Junta Reguladora e Inspectora de la Industria del Cemento.
260 _aMadrid :
_bEduardo Cuesta,
_c[1930?]
300 _a100 p. :
_bil. ;
_c29 cm.
594 _aPrecede al tít.: Ministerio de Fomento.
650 4 _aCemento Portland-
_zEspaña-
_xProducción.
_9159152
852 _aES-MaACL
_j1755-F-12
999 _c102053
_d102053